000 00767nam a2200241 a 4500
001 14146
003 BD-JhCC
005 20250130084912.0
008 250130b2000 b |||| ||a| 000 0 b d
020 _a9840740167
035 _a(BD-JhCC)14146
040 _aBD-JhCC
_dBD-JhCC
041 _abengali
082 _a891.443
_bDOS 2000
100 _a দস্তইয়েফস্কি,ফিওদর
245 _aসাদা রাত /
_cফিওদর দস্তইয়েফস্কি,অনু: মশিউল আলম ।
260 _aঢাকা:
_bবাংলা একাডেমী;
_c২০০.
300 _a72 p. :
_b22 cm.
651 _aBengali Novel
700 _aআলম,মশিউল
942 _2ddc
_cBK
999 _c14146
_d14146